Key to the Microfilariae of the genus Litomosoides (<Phylum nematoda>), endoparasites from colombian bats (Registro nro. 14692)

Detalles MARC
000 -CABECERA
Campo de control 004100000a22001210004500
090 ## - CLASIFICACIÓN LOCAL
Colección AS
Consecutivo Seriadas
041 0# - IDIOMA
Código de idioma para texto/pista de sonido o título separado
100 1# - ASIENTO PRINCIPAL--NOMBRE PERSONAL
Nombre personal Marinkelle, Cornelis J.
245 10 - MENCION DE TITULO
Título Key to the Microfilariae of the genus Litomosoides (<Phylum nematoda>), endoparasites from colombian bats
700 1# - ASIENTO SECUNDARIO - NOMBRE PERSONAL
Nombre personal García Castañeda, Martha Rocío
773 1# - Item fuente:
Título Caldasia
Especificación de materiales 45
Descripción física 2
Paginas del Articulo 167-173
Lugar, editorial y fecha de publicación 1999
Información sobre la relación 21
942 ## - ELEMENTOS ADICIONALES (KOHA)
Tipo de ítem Artículo

No hay ítems disponibles.